El advenimiento de la Edad de Oro (Record no. 145405)

MARC details
000 -LEADER
campo de control de longitud fija 00590nam a2200181 4500
001 - NÚMERO DE CONTROL
campo de control 145405
003 - IDENTIFICADOR DE NÚMERO DE CONTROL
campo de control ES-MaACL
005 - FECHA Y HORA DE LA ÚLTIMA TRANSACCIÓN
campo de control 20230906201227.0
007 - CAMPO FIJO DE DESCRIPCIÓN FÍSICA--INFORMACIÓN GENERAL
campo de control de longitud fija t|
008 - DATOS DE LONGITUD FIJA--INFORMACIÓN GENERAL
campo de control de longitud fija 070214s1973 sp r ||||1| spa d
100 1# - ENTRADA PRINCIPAL--NOMBRE DE PERSONA
Nombre de persona Stent, Gunther S.
9 (RLIN) 108093
245 13 - MENCIÓN DEL TÍTULO
Título El advenimiento de la Edad de Oro
Resto del título : el fin del progreso /
Mención de responsabilidad, etc. Gunther S. Stent ; [traducción de Domènec Bergadá].
250 ## - MENCION DE EDICION
Mención de edición 1ª ed.
260 ## - PUBLICACIÓN, DISTRIBUCIÓN, ETC.
Lugar de publicación, distribución, etc. Barcelona :
Nombre del editor, distribuidor, etc. Seix Barral,
Fecha de publicación, distribución, etc. 1973 (
Fabricante Gráf. Condal)
300 ## - DESCRIPCIÓN FÍSICA
Extensión 251 p. :
Otras características físicas il. ;
Dimensiones 19 cm.
700 1# - ENTRADA AGREGADA--NOMBRE PERSONAL
Nombre de persona Bergadá, Doménec.
9 (RLIN) 27918
852 ## - LOCALIZACIÓN
Ubicación ES-MaACL
Número de control de estantería C-53464
Sublocalización o colección R.86338
Holdings
Estatus retirado Estado de pérdida Estado de daño No para préstamo Biblioteca de origen Biblioteca actual Ubicación en estantería Fecha de adquisición Fuente de adquisición Total de préstamos Signatura topográfica completa Código de barras Visto por última vez Precio de reemplazo Tipo de ítem Koha
        Biblioteca del Ateneo de Madrid Biblioteca del Ateneo de Madrid Depósito 2 17/01/2008     C-53464 1151780 23/02/2023 23/02/2023 Libro impreso